|
|
|
|
| LEADER |
01094nam a2200277 u 4500 |
| 001 |
10088164 |
| 003 |
upatras |
| 005 |
20210117202701.0 |
| 008 |
101201s2009 ne eng |
| 020 |
|
|
|a 9027254354
|
| 040 |
|
|
|a GR-PaULI
|c GR-PaULI
|
| 041 |
0 |
|
|a eng
|
| 082 |
0 |
4 |
|a 306.44
|
| 100 |
1 |
|
|a Ogiermann, Eva
|9 91016
|
| 245 |
1 |
0 |
|a On apologising in negative and positivy politeness cultures
|c Eva Ogiermann
|
| 260 |
|
|
|a Amsterdam
|b John Benjamins
|c c2009
|
| 300 |
|
|
|a x, 296 p.
|c 24 cm.
|
| 490 |
0 |
|
|a Pragmatics and Beyond New Series
|v 191
|
| 504 |
|
|
|a Includes bibliographical references and index.
|
| 650 |
|
4 |
|a Απολογητική
|x Διαπολιτισμικές σπουδές
|9 91017
|
| 760 |
0 |
|
|a Pragmatics and beyond new series
|g 191
|
| 852 |
|
|
|a GR-PaULI
|b ΠΑΤΡΑ
|b ΦΙΛΟΛΟΓΙΑ
|k ΔΑΝΕΙΖ-6
|h 306.44 OGI
|m 12690
|p 025000195592
|t 1
|
| 942 |
|
|
|2 ddc
|
| 952 |
|
|
|0 0
|1 0
|4 0
|6 306_440000000000000_OGI
|7 0
|9 94907
|a LTRT
|b LTRT
|d 2016-04-24
|i 12690
|l 0
|o 306.44 OGI
|p 025000195592
|r 2016-04-24 00:00:00
|t 1
|w 2016-04-24
|
| 998 |
|
|
|c ΑΝΔΡΙΚΟΠΟΥΛΟΥ
|d 2010-12
|
| 999 |
|
|
|c 63904
|d 63904
|